| Registos Bibliográficos associados ao registo de autoridade |
|
Etiqueta de registo: 00254nbm 2200025 450 001 1930252 003 http://id.bnportugal.gov.pt/bib/catbnp/1930252 100 ## $a d1795 m y0pory01030103ba 101 0# $apor 102 ## $a 105 ## $ay z 000yy 106 ## $ah 200 1# $a[Carta de Gonçalo Lourenço Botelho a D. Tomás Caetano de Bem, pedindo a marcação de
uma conversa, para tratar de um assunto que o deve ser pessoalmente ] $fGonçalo Lourenço Botelho$bManuscrito] 210 #1 $aCampo de Santa Ana$d8 de Maio de 1795 215 ## $a[2]f.$d30 cm 300 ## $aOriginal assinado 700 #1 $aBotelho,$bGonçalo Lourenço$ffl 1769$31646994 702 #1 $aBem,$bTomás Caetano de,$f1718-1797,$cC.R.$4660$357807 801 #0 $aPT$bBN$gRPC 966 ## $lBN$mRESMAN$sMSS. 55, n. 8, doc. 93
Etiqueta de registo: 00254nbm 2200025 450 001 2111455 003 http://id.bnportugal.gov.pt/bib/catbnp/2111455 100 ## $a20220929g17551796m y0pory01030103ba 101 0# $aporita$cita 102 ## $aPTIT 105 ## $ay z 000yy 106 ## $ah 200 1# $a [ Cartas dirigidas a Dom Tomás Caetano de Bem por vários remetentes, sobre vários
assuntos]$bManuscrito] 210 #9 $d1755-1796 215 ## $a[116] f.$d31 cm 300 ## $aOriginais 303 ## $aConjunto de 100 cartas remetidas a Dom Tomás Caetano de Bem entre 1755 e 1796, sobre
diversos assuntos 303 ## $aUm documento (doc. 32) em italiano 304 ## $aRemetentes, entre outros: Francisco António Soares da Silva, Lourenço Galvão, José
Joaquim da Rocha, Gonçalo Lourenço Botelho, João António Bezerra de Lima, Pedro de
Melo Breyner, Bernardo da Anunciação, João Batista de Castro, José Carlos de Matos
e Miranda, Conde de Resende 307 ## $aAlgumas cartas com vestígio de selo 307 ## $aMaço encapado com etiqueta onde se indica "vol. 6" 316 ## $aCota antiga: V-6-1 a V-6-100$5PTBN: MSS. 63, n. 12, doc. 1-100 700 #1 $aSilva,$bFrancisco António Soares da,$ffl. 1756$31856035 701 #1 $aGalvão,$bLourenço Anastácio Mexia,$f1739-1796$4070$395626 701 #1 $aRocha,$bJosé Joaquim Vieira da,$f17--$4070$31859929 701 #1 $aBotelho,$bGonçalo Lourenço$ffl 1769$4070$31646994 701 #1 $aLima,$bJoão António Bezerra de,$f1737-1812$4070$3908996 701 #1 $aBreyner,$bPedro de Melo,$f1751-1830$4070$3155166 701 #1 $aAnunciação,$bBernardo da,$f1715-?,$cC.S.C.$4070$31101007 701 #1 $aCamarino,$bManuel Inácio,$f17--$4070$31859925 701 #1 $aCastro,$bJoão Baptista de,$f1700-1775$4070$378126 701 #1 $aMiranda,$bJosé Carlos de Matos e,$ffl. 17--$4070$3162275 701 #1 $aResende,$c1º Conde de,$f1719-1782$4070$31169323 702 #1 $aBem,$bTomás Caetano de,$f1718-1797,$cC.R.$4660$357807 801 #0 $aPT$bBN$gRPC 966 ## $lBN$mRESMAN$sMSS. 63, n. 12, doc. 1-100 971 ## $cpmesqui$d20220929 997 ## $aBIBEOD
Etiqueta de registo: 00254nbm 2200025 450 001 2282388 003 http://id.bnportugal.gov.pt/bib/catbnp/2282388 100 ## $a20260020g1765 k y0pory01030103ba 101 0# $apor 102 ## $aPT 105 ## $ay z 000yy 106 ## $ah 200 1# $aOrdens assim da Corte como do Quartel General da Marinha minhas Contas e Respostas.
Signais de Reconhecimento para os Navios que comboyei Lugares de econtro para os que
Comandei partes diarias d'elles Correspondencia com o Capitam General do Reyno do
Alg[arv]e Comandante das Prasas de Lagos Comandando a Esquadra de Sua Magestade em
1765$bManuscrito] 210 #1 $dJulho e Agosto de 1765 215 ## $a[320] f.$d36 cm 300 ## $aOriginais, maioritariamente, e cópias 304 ## $aConjunto de cartas dirigidas ao 6.º Conde de São Vicente, Manuel Carlos da Cunha
e Távora (Coronel dos Mares e Comandante das Naus de Guardar a Costa), a maior parte
proveniente dos Comandantes de dois navios da Marinha de D. José: a nau de guerra
São José e Nossa Senhora das Mercês, e a fragata São João Baptista, as quais recebem
ordens para se dirigirem ao Algarve, à Praia da Salema e à Praia da Figueira, para
recolherem e transportarem para Lisboa, bronze e outros géneros de ferro, que o Governador
de Lagos lhes entregará. Os referidos materiais são resgatados de duas naus do rei
de França, naufragadas: L'Océan e L' Redoutable afundadas em 1759, na Batalha de Lagos.
As ordens são dadas ao Conde de S. Vicente pelo Capitão Geral da Armada, Senhor D.
João (?), que também lhe manda guardar a costa, de Viana a Lagos, verificando o comportamento
de xavecos algarvios que junto a ela circulem; 307 ## $aMutilado: selos de lacre em falta; folhas soltas; fragmentos solto 307 ## $aNúmero considerável de folhas invertidas, que são, geralmente, o endereço de muitas
cartas. A maior parte destes têm escrito por outra mão (Conde de S. Vicente?), na
margem, uma anotação que os identifica, e a indicação do portador 307 ## $aDocumentos de diversas dimensões 307 ## $aEnc. original, intervencionada 316 ## $aCota antiga: T-5-53 327 1# $aAs seguintes frases entre aspas são o resumo do conteúdo deste Códice, anotado pelo
Conde de S. Vicente (?) no f. 1: $a«Ordens assim da Corte como do Quartel Geral da Marinha». Por exemplo: Ordem para
o Conde de S. Vicente passar a comandar a Nau de Guerra S. José e Nossa Senhora das
Mercês, (f.2) Ordem para a Nau de Guerra e a Fragata de Guerra S. João Batista se
dirigirem a Lagos para receber o bronze e mais materiais que devem trazer para Lisboa,
e que se encontravam espalhados nas Praias da Salema e da Figueira (f. 5 e 6, 117)
Ordem para, em Lagos, receber todos os presos que forem entregues para trazer para
Lisboa (f. 26) Ordens particulares e gerais do Capitão geral da Armada (f. 273 a f.
32)$a«Signais de Reconhecimento para os Navios que comboyei « e « Lugares de encontro para
os que comandei» (f. 53, 56, 60,64)$a«Partes diarias d'elles», que dão muitas informações sobre a vida do navio, nos seus
vários aspetos, como por exemplo a composição da guarnição, as atividades diárias,
os presos, os doentes, a solução de problemas, como a lavagem da roupa, etc. São também
apresentados quadros com estas informações semanais (f. 129 a f. 326)$a«Correspondencia com o Capitam General do Reyno do Alg[arv]e e Commandante da Prasa
de Lagos», Conde do Vimieiro (fs. 80, 90, 93,104, 107, 108, 109)$a«Commandando a Esquadra de Sua Magestade em 1765». Como comandante da Esquadra recebe
correspondência dos comandantes da Nau de Guerra S. José e Nossa Senhora das Mercês,
Guilherme Roberts, e da Fragata de Guerra S. João Batista, Manuel Mendonça e Silva,
correspondendo-se igualmente com funcionários do Governo do Algarve, como Diogo Taveira
Serrão (f. 96), Tomás de Albuquerque Oliveira Mexia, Governador das Armas do Algrve
(f. 114,118) 518 1# $aOrdens assim da Corte como do Quartel General da Marinha, minhas contas e respostas;
sinais de reconhecimento para os navios que comboiei, lugares de encontro para os
que comandei, partes diárias deles. Correspondência com o Capitão Geral do Reino do
Algarve 518 1# $aRegisto diário da Academia da Companhia de Guardas-Marinhas 701 #1 $aVimieiro,$c4º Conde do,$f1735-1790$4070$31394891 702 #1 $aBotelho,$bGonçalo Lourenço$ffl 1769$4060$31646994 702 #0 $aSão Vicente,$b6º Conde de,$fca 1730-1795$4660$31269163 801 #0 $aPT$bBN$gRPC 966 ## $lBN$mRESMAN$sCOD. 6474 971 ## $canacris$d20260320
|
|
|